000
00334 a2200157 4500
001
73619
020
_a
040
_c
Anchieta - Colégio São Paulo
100
_a
Fonseca, João Justiniano da
240
1
0
_a
Grilagem
_l
por
245
1
0
_a
Grilagem
300
_a
185
362
0
_a
1991
650
4
_a
Ficção brasileira
942
_c
BK
999
_c
73619
_d
73619